Religion Quiz

Random Religion or Verse Quiz

Psalm 23 (KJV) All Words Quiz Stats

 Plays Quiz Updated Aug 8, 2017

Challenge
Share
Tweet
Embed
Score 0/118 Timer 05:00
2 Plays Today
% Correct
The
99.1%
the
99.1%
the
99.1%
the
99.1%
the
99.1%
and
99.1%
a
99.1%
the
99.1%
and
99.1%
the
99.1%
and
99.1%
the
99.1%
the
99.1%
I
96.9%
I
96.9%
I
96.9%
I
96.9%
Lord
93%
Lord
93%
is
92.4%
my
91.4%
my
91.4%
my
91.4%
my
91.4%
my
91.4%
no
91%
shall
89.9%
shall
89.9%
He
89.1%
He
89.1%
He
89.1%
He
89.1%
not
88.9%
me
88.8%
me
88.8%
me
88.8%
me;
88.8%
me.
88.8%
me
88.8%
me
88.8%
% Correct
of
86.4%
of
86.4%
of
86.4%
of
86.4%
of
86.4%
of
86.4%
want.
86.1%
shepherd;
84.8%
in
84.8%
in
84.8%
in
84.8%
in
84.8%
for
81%
for
81%
for
81%
will
78.6%
will
78.6%
fear
78.3%
Thou
78.1%
Thou
78.1%
Thou
78.1%
valley
78.1%
death,
77.7%
walk
76.9%
evil:
76.8%
green
76.7%
pastures:
76.7%
to
75.9%
shadow
74.7%
through
74.2%
down
73.8%
lie
72.9%
with
71.8%
with
71.8%
maketh
70.1%
waters.
67.6%
though
66.6%
leadeth
66.3%
leadeth
66.3%
art
65.9%
% Correct
Thy
65.3%
Thy
65.3%
staff,
64.6%
rod
64.1%
still
63.8%
comfort
63.6%
ever.
60.5%
beside
58.7%
they
58.2%
soul:
56.8%
Yea,
55.6%
life:
54%
house
53.5%
His
53.2%
all
52.6%
days
51.9%
dwell
51.2%
over.
49%
restoreth
48.8%
cup
47.4%
sake.
47.1%
righteousness
46.5%
enemies:
46.3%
mine
45.6%
table
45.2%
name's
44.8%
paths
43.5%
follow
43.3%
presence
42.6%
oil;
41.9%
runneth
41.9%
head
41.8%
goodness
41.7%
mercy
40.2%
surely
39.4%
before
38.9%
preparest
36.5%
anointest
29%

You're not logged in!

Compare scores with friends on all Sporcle quizzes.
Join for Free
OR
Log In

You Might Also Like...

Show Comments

Extras

Top Quizzes Today


Score Distribution

Your Account Isn't Verified!

In order to create a playlist on Sporcle, you need to verify the email address you used during registration. Go to your Sporcle Settings to finish the process.

Report this User

Report this user for behavior that violates our Community Guidelines.

Details: